[Event "ARG-ch sf 98th"]
[Site "Buenos Aires"]
[Date "2023.05.03"]
[Round "5"]
[White "Acosta, Carlos Humberto"]
[Black "Sobrero, Sebastian"]
[Result "0-1"]
[WhiteElo "1715"]
[BlackElo "1987"]
[PlyCount "94"]
[EventDate "2023.04.29"]
[EventType "swiss"]
[EventRounds "9"]
[EventCountry "ARG"]
[SourceTitle "CBM 214 Extra"]
[Source "ChessBase"]
[SourceDate "2023.07.31"]
[SourceVersion "1"]
[SourceVersionDate "2023.07.31"]
[SourceQuality "1"]

1. e4 d5 2. exd5 Qxd5 3. Nc3 Qd8 4. Nf3 g6 5. d4 Bg7 6. Be3 Nf6 7. h3 0-0 8. Bc4 a6 9. a4 Nbd7 10. Qd2 Nb6 11. Bd3 Re8 12. 0-0 Be6 13. Ng5 Bc4 14. Rad1 Nfd5 15. Nxd5 Bxd5 16. b3 f6 17. Ne4 Nd7 18. c4 Bf7 19. f4 e6 20. Nf2 Rb8 21. Rfe1 Qc8 22. Ng4 c5 23. Qf2 b6 24. Be2 h5 25. Nh2 cxd4 26. Bxd4 e5 27. fxe5 fxe5 28. Be3 Nc5 29. Bxc5 bxc5 30. Qg3 e4 31. Nf1 Be5 32. Qg5 Bd4+ 33. Kh1 Rxb3 34. Rb1 Qb8 35. Rxb3 Qxb3 36. Bxh5 Kh7 37. Qf4 Qxc4 38. Nd2 Qd5 39. Bg4 Bc3 40. Nxe4 Kg7 41. Re3 Be5 42. Qf1 Bd4 43. Re2 Rxe4 44. Bf3 Rf4 45. Qc1 Rxf3 46. gxf3 Qxf3+ 47. Rg2 Qxh3+ 0-1

[Event "Santa Fe City-ch"]
[Site "Santa Fe"]
[Date "2021.11.05"]
[Round "3"]
[White "Antoniazzi, Maximiliano"]
[Black "Acosta, Carlos Humberto"]
[Result "1-0"]
[WhiteElo "1916"]
[BlackElo "1708"]
[PlyCount "51"]
[EventDate "2021.11.01"]
[EventType "tourn"]
[EventRounds "9"]
[EventCountry "ARG"]
[SourceTitle "CBM 205 Extra"]
[Source "ChessBase"]
[SourceDate "2022.01.31"]
[SourceVersion "1"]
[SourceVersionDate "2022.01.31"]
[SourceQuality "1"]

1. e4 e5 2. Nf3 Nc6 3. Bc4 Be7 4. d4 exd4 5. Nxd4 d6 6. 0-0 Nf6 7. Nc3 0-0 8. Bf4 Nxd4 9. Qxd4 Be6 10. Bb5 h6 11. Rad1 c6 12. Bc4 Bxc4 13. Qxc4 Ne8 14. Ne2 Qc7 15. Nd4 Bf6 16. Nf5 Rd8 17. c3 Be5 18. Be3 d5 19. exd5 Bxh2+ 20. Kh1 cxd5 21. Qg4 Be5 22. Nxh6+ Kh7 23. Nf5 Rh8 24. g3 Kg8+ 25. Kg2 Qc6 26. Ne7+ 1-0

[Event "Concepcion del Uruguay op"]
[Site "Concepcion del Uruguay"]
[Date "2019.05.04"]
[Round "3"]
[White "Acosta, Carlos Humberto"]
[Black "Tregarthen, Emiliano"]
[Result "0-1"]
[WhiteElo "1726"]
[BlackElo "2040"]
[PlyCount "53"]
[EventDate "2019.05.03"]
[EventType "swiss"]
[EventRounds "6"]
[EventCountry "ARG"]
[SourceTitle "CBM 190 Extra"]
[Source "ChessBase"]
[SourceDate "2019.07.15"]
[SourceVersion "1"]
[SourceVersionDate "2019.07.15"]
[SourceQuality "1"]

1. e4 c5 2. Nf3 d6 3. c3 Nf6 4. e5 dxe5 5. Nxe5 a6 6. Bc4 e6 7. 0-0 Qc7 8. Re1 Bd6 9. Nf3 0-0 10. Bb3 b5 11. d3 Bb7 12. Nbd2 Nbd7 13. Ne4 Nxe4 14. dxe4 c4 15. Bc2 e5 16. Bg5 Nc5 17. Qe2 f6 18. Bh4 Rad8 19. Rad1 Rd7 20. Rd2 Rfd8 21. Red1 Bf8 22. Rxd7 Rxd7 23. Rxd7 Qxd7 24. Ne1 Ne6 25. Bg3 g6 26. f4 Bh6 27. Bd1 0-1

[Event "ARG-ch Seniors 50"]
[Site "Termas de Rio Hondo"]
[Date "2017.04.21"]
[Round "4"]
[White "Rodriguez, Luis Jose Lucio"]
[Black "Acosta, Carlos Humberto"]
[Result "1-0"]
[WhiteElo "2026"]
[BlackElo "1702"]
[PlyCount "27"]
[EventDate "2017.04.19"]
[EventType "swiss"]
[EventRounds "7"]
[EventCountry "ARG"]
[SourceTitle "EXT 2024"]
[Source "ChessBase"]
[SourceDate "2023.10.10"]
[SourceVersion "1"]
[SourceVersionDate "2023.10.10"]
[SourceQuality "1"]

1. d4 d5 2. c4 Nf6 3. cxd5 Nxd5 4. e4 Nf6 5. Nc3 e6 6. Nf3 Bb4 7. Bd3 0-0 8. e5 Nd5 9. Bxh7+ Kh8 10. Ng5 g6 11. Qf3 Kg7 12. Qh3 Rh8 13. Nxe6+ Bxe6 14. Qh6# 1-0

[Event "Pan American-ch U2000"]
[Site "Carilo Village"]
[Date "2016.10.28"]
[Round "6"]
[White "Ramirez, Marysol"]
[Black "Acosta, Carlos Humberto"]
[Result "1-0"]
[WhiteElo "1731"]
[BlackElo "1726"]
[PlyCount "90"]
[EventDate "2016.10.25"]
[EventType "swiss"]
[EventRounds "9"]
[EventCountry "ARG"]
[SourceTitle "EXT 2022"]
[Source "ChessBase"]
[SourceDate "2021.10.06"]
[SourceVersion "1"]
[SourceVersionDate "2021.10.06"]
[SourceQuality "1"]

1. e4 e5 2. Nf3 Nc6 3. Nc3 d6 4. d4 exd4 5. Nd5 h6 6. Nxd4 Nf6 7. Bb5 Bd7 8. 0-0 Be7 9. Nxe7 Nxe7 10. Bxd7+ Qxd7 11. Qf3 c5 12. Nb3 Qc6 13. Re1 Ng6 14. Bd2 b6 15. Bc3 Ne5 16. Qg3 Nxe4 17. Rxe4 Qxe4 18. Re1 Qg6 19. Qxg6 fxg6 20. f4 Rd8 21. fxe5 d5 22. Nc1 d4 23. Bd2 Ke7 24. Nd3 a5 25. Nf4 Rhe8 26. Nxg6+ Kf7 27. Nh4 d3 28. c3 Rd5 29. Nf3 Ke6 30. c4 Rd7 31. Bc3 Red8 32. Rd1 a4 33. a3 Rf8 34. Kf2 Rf4 35. Ke3 Rxc4 36. Ne1 Kf5 37. Nxd3 Re4+ 38. Kf3 c4 39. Nf2 Rf4+ 40. Ke3 Rxd1 41. Nxd1 Re4+ 42. Kd2 g5 43. Nf2 Rf4 44. Ke3 g4 45. e6 Rxf2 1-0

[Event "Pan American-ch U2000"]
[Site "Carilo Village"]
[Date "2016.10.27"]
[Round "5"]
[White "Acosta, Carlos Humberto"]
[Black "Ortiz, Edgard"]
[Result "1/2-1/2"]
[WhiteElo "1726"]
[BlackElo "1846"]
[PlyCount "60"]
[EventDate "2016.10.25"]
[EventType "swiss"]
[EventRounds "9"]
[EventCountry "ARG"]
[SourceTitle "EXT 2022"]
[Source "ChessBase"]
[SourceDate "2021.10.06"]
[SourceVersion "1"]
[SourceVersionDate "2021.10.06"]
[SourceQuality "1"]

1. e4 e5 2. Nf3 Nc6 3. Bb5 a6 4. Ba4 Nf6 5. d3 b5 6. Bb3 Bc5 7. Bg5 h6 8. Bh4 g5 9. Bg3 d6 10. h3 Rg8 11. Nc3 Bd7 12. Nd5 Nxd5 13. Bxd5 Qf6 14. Qd2 Rb8 15. Bxc6 Bxc6 16. a3 Qg6 17. Nh2 Bb6 18. f3 Ke7 19. Bf2 Bd7 20. Bxb6 Rxb6 21. Nf1 Qf6 22. Ne3 Be6 23. Rd1 Qf4 24. Ke2 h5 25. Rdf1 h4 26. c3 Rd8 27. Rd1 d5 28. Nxd5+ Bxd5 29. Qxf4 gxf4 30. exd5 Rxd5 1/2-1/2

[Event "Pan American-ch U2000"]
[Site "Carilo Village"]
[Date "2016.10.26"]
[Round "2"]
[White "Reis, Virginia Lagrange M"]
[Black "Acosta, Carlos Humberto"]
[Result "0-1"]
[WhiteElo "1807"]
[BlackElo "1726"]
[PlyCount "40"]
[EventDate "2016.10.25"]
[EventType "swiss"]
[EventRounds "9"]
[EventCountry "ARG"]
[SourceTitle "EXT 2022"]
[Source "ChessBase"]
[SourceDate "2021.10.06"]
[SourceVersion "1"]
[SourceVersionDate "2021.10.06"]
[SourceQuality "1"]

1. e4 e5 2. Nf3 Nc6 3. Bb5 Nf6 4. Bxc6 bxc6 5. d3 d6 6. 0-0 Rb8 7. b3 Be7 8. Bb2 Bg4 9. Nbd2 0-0 10. Qe1 Nh5 11. h3 Be6 12. Kh2 Qd7 13. Ng1 f5 14. exf5 Bxf5 15. g4 Bxg4 16. hxg4 Qxg4 17. Nh3 Nf4 18. Nxf4 Qxf4+ 19. Kg2 Qg4+ 20. Kh2 Rf5 0-1